000 00394nam a2200157Ia 4500
005 20250423101100.0
008 250422s9999 xx 000 0 und d
020 _a0934955174
100 _aSergiovanni, J. Thomas
245 0 _aTarget 2000 : a compact for excellence in Texas's schools
260 _aTexas
260 _bWatercress press
260 _c1990
300 _a99 p
942 _cBK
999 _c35229
_d35229